A history of South India from prehistoric times to the fall of Vijayanagar (Record no. 71857)
[ view plain ]
| 000 -LEADER | |
|---|---|
| fixed length control field | 00858cam a22002651 4500 |
| 001 - CONTROL NUMBER | |
| control field | sa 67000255 |
| 003 - CONTROL NUMBER IDENTIFIER | |
| control field | DLC |
| 005 - DATE AND TIME OF LATEST TRANSACTION | |
| control field | 20260227112313.0 |
| 008 - FIXED-LENGTH DATA ELEMENTS--GENERAL INFORMATION | |
| fixed length control field | 730705s1966 ii bf b 000 0 eng |
| 010 ## - LIBRARY OF CONGRESS CONTROL NUMBER | |
| LC control number | sa 67000255 |
| 025 ## - OVERSEAS ACQUISITION NUMBER | |
| Overseas acquisition number | PL480:I-E-6761 |
| 035 ## - SYSTEM CONTROL NUMBER | |
| System control number | (OCoLC)652038 |
| 040 ## - CATALOGING SOURCE | |
| Original cataloging agency | DLC |
| Transcribing agency | OWibfU |
| Modifying agency | OCoLC |
| -- | NBrockU |
| -- | DLC |
| 042 ## - AUTHENTICATION CODE | |
| Authentication code | premarc |
| 043 ## - GEOGRAPHIC AREA CODE | |
| Geographic area code | a-ii--- |
| 050 00 - LIBRARY OF CONGRESS CALL NUMBER | |
| Classification number | DS484 |
| Item number | .N5 1966 |
| 082 ## - DEWEY DECIMAL CLASSIFICATION NUMBER | |
| Classification number | 954.802 |
| 100 2# - MAIN ENTRY--PERSONAL NAME | |
| Personal name | Nilakanta Sastri, K. A. |
| Fuller form of name | (Kallidaikurichi Aiyah), |
| Dates associated with a name | 1892-1975. |
| 245 12 - TITLE STATEMENT | |
| Title | A history of South India from prehistoric times to the fall of Vijayanagar |
| Statement of responsibility, etc. | [by] K.A. Nilakanta Sastri. |
| 250 ## - EDITION STATEMENT | |
| Edition statement | 3d ed. |
| 260 ## - PUBLICATION, DISTRIBUTION, ETC. | |
| Place of publication, distribution, etc. | [Madras] |
| Name of publisher, distributor, etc. | Indian Branch, Oxford University Press, |
| Date of publication, distribution, etc. | 1966. |
| 300 ## - PHYSICAL DESCRIPTION | |
| Extent | xiv, 520 p. |
| Other physical details | col. map, plates (1 col.) |
| Dimensions | 22 cm. |
| 504 ## - BIBLIOGRAPHY, ETC. NOTE | |
| Bibliography, etc. note | Includes bibliographies. |
| 651 #0 - SUBJECT ADDED ENTRY--GEOGRAPHIC NAME | |
| Geographic name | India, South |
| General subdivision | History. |
No items available.